Special logistics manager (Record no. 4534)

MARC details
000 -LEADER
fixed length control field 00557nam a22001577a 4500
003 - CONTROL NUMBER IDENTIFIER
control field OSt
005 - DATE AND TIME OF LATEST TRANSACTION
control field 20220107122757.0
008 - FIXED-LENGTH DATA ELEMENTS--GENERAL INFORMATION
fixed length control field 150324b xxu||||| |||| 00| 0 eng d
040 ## - CATALOGING SOURCE
Transcribing agency
100 ## - MAIN ENTRY--PERSONAL NAME
Personal name Jayanthi R (91612005)
9 (RLIN) 6194
245 ## - TITLE STATEMENT
Title Special logistics manager
502 ## - DISSERTATION NOTE
Degree type MSc. IT
Name of granting institution 2012 - 2014
Year degree granted INT
-- Pradeep Kumar K
-- Anaz M (Intellizenz Innovation Breakthroughz Pvt. Ltd.)
Miscellaneous information "Intellizenz Innovation Breakthroughz Pvt. Ltd., Trivandrum"
650 ## - SUBJECT ADDED ENTRY--TOPICAL TERM
Topical term or geographic name entry element SPECIAL LOGISTICS MANAGER
9 (RLIN) 6195
650 ## - SUBJECT ADDED ENTRY--TOPICAL TERM
Topical term or geographic name entry element INDICATIVE CAPACITY APPRAISAL
9 (RLIN) 6196
942 ## - ADDED ENTRY ELEMENTS (KOHA)
Source of classification or shelving scheme Dewey Decimal Classification
Koha item type
Holdings
Withdrawn status Lost status Source of classification or shelving scheme Damaged status Not for loan Home library Current library Date acquired Total Checkouts Barcode Date last seen Price effective from Koha item type
    Dewey Decimal Classification     IIITM-K Kerala University of Digital Sciences, Innovation and Technology Knowledge Centre 24/03/2015   R-464 24/03/2015 24/03/2015 Project Reports